Real or fake cities/towns-sudden death. - Statistics

General Stats
  • This quiz has been taken 63 times
    33 since last reset
  • The average score is 3 of 13
Answers on the Grid
Answers color-coded by a green-red scale on the quiz's grid according to % correct below.
Baltasar Brum
San Jose
Sao Loen
Minier
Ùyes
Xinshaoli
Saint-Pierre-de-Varengeville
Jinja
Holesto
Banana
Zweings
Zzyzx
Hollystown
Saint-Leone-de-Corrigaan
1770
Futian
Choil
Coux
Brunel
Zikran
Hohhot
Newbiggin-by-the-Sea
Zweisimmen
Jjones
The place
Punjai
 
Answer Stats
Answer % Correct
San Jose
86%
Hohhot
43%
Banana
36%
Jinja
21%
Minier
21%
Saint-Pierre-de-Varengeville
21%
Zzyzx
21%
1770
14%
Baltasar Brum
14%
Newbiggin-by-the-Sea
14%
Zweisimmen
7%
Coux
0%
Futian
0%
No matching quizzes found
Score Distribution
Percent of People with Each Score
Percentile by Number Answered
Your Score History
You have not taken this quiz since the last reset